000 00439nam a2200145Ia 4500
008 230917s9999||||xx |||||||||||||| ||und||
040 _e166079
_aMAIN
041 _aEnglish
082 _a891.437731 UP7C
100 _aउग्र, पाण्डेय बेचन शर्मा
245 0 _aचित्र-विचित्र
260 _aदिल्ली
_bआत्माराम
_c1964
300 _a132 p.
942 _cHN
999 _c216832
_d216832